000 00527cam a2200193ua 4500
001 2641
008 110829n ii |||gr||||Z||||||eng
020 _a81-208-0290-X
040 _cMAIN
082 _a491.4515
100 1 _aTagare, Ganesh Vasudev,
_eAuthor.
245 1 1 _aHistorical grammar of apabhramsa
_cby Ganesh Vasudev Tagare
250 _a1st.
260 _aDelhi:
_bMotilal banarsidass,987.
300 _axvii; 454p:
_c25cm.
653 _aAssamese grammar
653 _aHistorical grammar of apabhramsa
942 _cBK
999 _c2492
_d2492